| 000 | 00552nam a22001937a 4500 | ||
|---|---|---|---|
| 005 | 20251108164724.0 | ||
| 008 | 250721s2008 xx 000 0 ara d | ||
| 082 | 1 | 4 | _a923.2565/عنا |
| 100 | 1 |
_aالعناقرة، محمد _eمؤلف |
|
| 245 | 1 | 0 | _aمن الرعيل الأول / |
| 264 | 1 |
_aاربد : _bالعناقرة، _c2008. |
|
| 300 | _a325ص. | ||
| 650 | 1 | 7 | _aالتراجم |
| 650 | 1 | 7 | _aالاردن |
| 650 | 1 | 7 | _aراساا الوزارات |
| 700 | 1 |
_aالطراونة، فايز _eمقدم |
|
| 942 |
_2ddc _cBK |
||
| 999 |
_c12731 _d12731 |
||